NATO phonetic alphabet, randomly! Quiz Stats

 Plays Quiz not verified by Sporcle

Score 0/26 Timer 02:00
6 Plays Today
Letter Codeword % Correct
AAlpha
89.6%
CCharlie
87.7%
DDelta
87.6%
BBravo
87.6%
XX-ray
86.5%
FFoxtrot
86.4%
EEcho
85.8%
ZZulu
85.4%
LLima
84.2%
TTango
83.8%
HHotel
83.5%
KKilo
83.2%
IIndia
83%
Letter Codeword % Correct
JJuliet
82.6%
QQuebec
81.9%
RRomeo
81.5%
SSierra
81.3%
YYankee
81.1%
WWhiskey
81%
GGolf
80.8%
VVictor
80.7%
OOscar
80.6%
MMike
80.3%
NNovember
79.4%
PPapa
79.3%
UUniform
78.6%

You're not logged in!

Compare scores with friends on all Sporcle quizzes.
OR
Log In

You Might Also Like...

Show Comments

Extras

Top Quizzes Today


Score Distribution

Your Account Isn't Verified!

In order to create a playlist on Sporcle, you need to verify the email address you used during registration. Go to your Sporcle Settings to finish the process.

Report this User

Report this user for behavior that violates our Community Guidelines.

Details: